| 000 | 01050cas a2200301 a 4500 | ||
|---|---|---|---|
| 005 | 20131127091425.0 | ||
| 008 | 131127b xxu||||| |||| 00| 0 eng d | ||
| 041 | 0 | _aeng | |
| 080 | _a347(094.2) STA | ||
| 245 | 0 | 0 | _aBlackstone's statutes on intellectual property. |
| 246 | 3 | 0 | _aIntellectual property |
| 246 | 1 |
_iTitle for 6th-8th ed. varies slightly: _aBlackstone's statutes intellectual property |
|
| 250 | _a5th edition | ||
| 260 |
_aLondon : _bBlackstone Press |
||
| 260 | 3 |
_aOxford ; _aNew York : _bOxford University Press |
|
| 300 |
_a526 f. ; _c22 cm. |
||
| 490 | 1 | _aBlackstone's statutes | |
| 500 | _aEditor's preface : f. [IX] - X | ||
| 500 | _aEdited by: Andrew Christie, Stephen Gare. | ||
| 500 | _aIncludes index | ||
| 650 | 0 |
_aPronësia intelektuale _zBritania e madhe |
|
| 650 | 0 |
_aPronësia intelektuale _zVendet Europiane |
|
| 650 | 0 | _aPronësia intelektuale (e drejta ndërkombëtare) | |
| 700 | 1 |
_aChristie, Andrew, _cLL. M., Ph. D. |
|
| 700 | 1 | _aGare, Stephen. | |
| 830 | 0 | _aBlackstone's statutes. | |
| 942 |
_2udc _cBK |
||
| 999 |
_c368 _d368 |
||